[Event "Elit(LASK-Vasteras)"]
[Site "?"]
[Date "2015.11.06"]
[Round "1"]
[White "Akesson, Ralf"]
[Black "Hillarp Persson, Tiger"]
[Result "1/2-1/2"]
[WhiteElo "2411"]
[BlackElo "2546"]
[PlyCount "56"]
[SourceDate "2015.11.10"]

1. Nf3 e6 2. g3 b5 3. Bg2 d5 4. O-O Nf6 5. b3 Be7 6. c4 c6 7. d3 O-O 8. Nbd2 a5
9. e4 Ba6 10. Re1 dxc4 11. dxc4 Nfd7 12. Bb2 Nc5 13. Re3 Nbd7 14. Qc2 Qb6 15.
e5 Rfd8 16. Bd4 Qc7 17. a3 b4 18. Bb2 Bb7 19. a4 Nf8 20. h4 h6 21. Ne4 Nxe4 22.
Rxe4 c5 23. Ree1 Rd7 24. Rad1 Rad8 25. h5 Rxd1 26. Rxd1 Be4 27. Qe2 Rxd1+ 28.
Qxd1 Qb7 1/2-1/2

[Event "Elit(LASK-Vasteras)"]
[Site "?"]
[Date "2015.11.06"]
[Round "1"]
[White "Sjodahl, Pontus"]
[Black "Smith, Axel"]
[Result "0-1"]
[WhiteElo "2422"]
[BlackElo "2471"]
[PlyCount "82"]

1. d4 Nf6 2. c4 e6 3. Nc3 Bb4 4. e3 O-O 5. Nge2 d5 6. a3 Bd6 7. Ng3 c6 8. e4
Nxe4 9. Ncxe4 dxe4 10. Nxe4 Be7 11. f4 b6 12. Be3 Bb7 13. Be2 c5 14. Bf3 cxd4
15. Qxd4 Nc6 16. Qc3 f5 17. Rd1 Qc7 18. Ng5 Bf6 19. Qc2 Rfe8 20. O-O h6 21. Nh3
Rad8 22. Qf2 Na5 23. Bxb7 Qxb7 24. Bd4 Rxd4 25. Rxd4 Bxd4 26. Qxd4 Qc7 27. c5
Qxc5 28. Qxc5 bxc5 29. Rc1 c4 30. Nf2 Rd8 31. Rc2 g5 32. g4 Kf7 33. fxg5 hxg5
34. Kg2 Kf6 35. Kg3 Rd4 36. Re2 Nc6 37. gxf5 exf5 38. Re8 Rd8 39. Re2 f4+ 40.
Kg4 Ne5+ 41. Kh5 Rh8# 0-1

[Event "Elit(LASK-Vasteras)"]
[Site "?"]
[Date "2015.11.06"]
[Round "1"]
[White "Tikkanen, Hans"]
[Black "Landgren, Andreas"]
[Result "1-0"]
[WhiteElo "2509"]
[BlackElo "2259"]
[PlyCount "99"]

1. e4 c5 2. Nf3 d6 3. Bb5+ Bd7 4. Bxd7+ Qxd7 5. c4 Nf6 6. Nc3 g6 7. d4 cxd4 8.
Nxd4 Bg7 9. f3 O-O 10. O-O Nc6 11. Be3 Rac8 12. b3 Rfd8 13. Qd2 e6 14. Rad1 d5
15. cxd5 exd5 16. Nxc6 bxc6 17. e5 Ne8 18. f4 f6 19. exf6 Nxf6 20. Bc5 Re8 21.
Qd3 Bf8 22. Bxf8 Rxf8 23. f5 g5 24. Ne4 Nxe4 25. Qxe4 Rce8 26. Qg4 Qg7 27. Qa4
Qc7 28. Rc1 Qb6+ 29. Kh1 Re4 30. Qxc6 Qxc6 31. Rxc6 Rxf5 32. Kg1 Rxf1+ 33. Kxf1
Kf7 34. Ra6 Re7 35. Rd6 Rc7 36. Rxd5 Rc1+ 37. Ke2 Kg6 38. Ra5 Rc2+ 39. Kf3 Rc3+
40. Ke4 Rc7 41. g4 Re7+ 42. Re5 Rc7 43. Re6+ Kg7 44. Ra6 Rb7 45. h3 h6 46. Kd5
Rf7 47. b4 Rf3 48. Rxa7+ Kg6 49. b5 Rxh3 50. b6 1-0

[Event "Elit(LASK-Vasteras)"]
[Site "?"]
[Date "2015.11.06"]
[Round "1"]
[White "Norberg, Johan"]
[Black "Ahlander, Bjorn"]
[Result "0-1"]
[WhiteElo "2298"]
[BlackElo "2378"]
[PlyCount "98"]

1. g3 d5 2. Bg2 Nf6 3. Nf3 e6 4. O-O Be7 5. c4 O-O 6. b3 c5 7. cxd5 Nxd5 8. Bb2
Nc6 9. Nc3 Bf6 10. Qc1 b6 11. Ne4 Bxb2 12. Qxb2 Ba6 13. d3 Qe7 14. Ne5 Nxe5 15.
Qxe5 Rad8 16. Rac1 Nb4 17. a3 Nc6 18. Qb2 Bb7 19. Nc3 Rd7 20. Na4 Qd6 21. Rfd1
h6 22. Rb1 Rc8 23. Rdc1 Rdc7 24. b4 cxb4 25. axb4 Nd8 26. Bxb7 Nxb7 27. Rxc7
Qxc7 28. e3 Nd6 29. Qb3 Kf8 30. b5 Qc2 31. Rb2 Qc1+ 32. Kg2 Ke7 33. e4 Qe1 34.
Rb1 Qd2 35. Rb2 Qa5 36. Rb1 Rc7 37. h3 g5 38. Qa3 Kd7 39. Qb3 h5 40. e5 Nf5 41.
Qb4 Qxb4 42. Rxb4 Rc2 43. Kf3 Ne7 44. Rc4 Rd2 45. Rd4+ Ke8 46. g4 hxg4+ 47.
hxg4 Nd5 48. Rc4 Rxd3+ 49. Ke4 Rb3 0-1

[Event "Elit(LASK-Vasteras)"]
[Site "?"]
[Date "2015.11.06"]
[Round "1"]
[White "Semcesen, Daniel"]
[Black "Norberg, Erik"]
[Result "1-0"]
[WhiteElo "2436"]
[BlackElo "2245"]
[PlyCount "119"]

1. d4 g6 2. c4 Nf6 3. Nc3 Bg7 4. e4 d6 5. h3 O-O 6. Nf3 e5 7. d5 Nbd7 8. Bg5 a5
9. Nd2 h6 10. Be3 Nh5 11. g3 b6 12. Be2 Nhf6 13. g4 Ne8 14. Rg1 g5 15. a3 f6
16. b4 Rf7 17. h4 Nf8 18. h5 Bb7 19. c5 axb4 20. axb4 bxc5 21. bxc5 dxc5 22.
Nb3 Nd7 23. Na5 Qc8 24. f3 Nd6 25. Kf2 Bf8 26. Qb3 Ba6 27. Nc6 Bxe2 28. Kxe2
Rxa1 29. Rxa1 f5 30. gxf5 Qe8 31. Rh1 Rg7 32. Qb1 Nf6 33. Qb8 Qf7 34. Nxe5 Qe7
35. Nc6 Qf7 36. Ne5 Qe7 37. Ng6 Rxg6 38. hxg6 Qe5 39. Nd1 g4 40. Bxh6 gxf3+ 41.
Kf1 Nfe8 42. Qb2 Qxb2 43. Nxb2 Nxe4 44. Bf4 Bd6 45. Rh4 N8f6 46. Nc4 Kg7 47.
Bxd6 cxd6 48. Rf4 f2 49. Kg2 Kh6 50. Rh4+ Kg7 51. Ne3 Kg8 52. Kf3 Nxd5 53. Nf1
Nef6 54. Kxf2 Ne7 55. Ng3 d5 56. Ra4 Ne4+ 57. Nxe4 dxe4 58. Ra8+ Kg7 59. Ra7
Kf6 60. Rxe7 1-0

[Event "Elit(LASK-Vasteras)"]
[Site "?"]
[Date "2015.11.06"]
[Round "1"]
[White "Eriksson, Anders"]
[Black "Olsson, Linus"]
[Result "1/2-1/2"]
[WhiteElo "2279"]
[BlackElo "2271"]
[PlyCount "108"]

1. Nf3 Nf6 2. g3 b6 3. Bg2 Bb7 4. c4 c5 5. O-O e6 6. Nc3 Be7 7. Re1 d6 8. e4 a6
9. d4 cxd4 10. Nxd4 Qc7 11. Be3 O-O 12. Rc1 Re8 13. b3 Nbd7 14. f4 Nf8 15. f5
N6d7 16. fxe6 fxe6 17. Bh3 Bf6 18. Qd2 Rad8 19. Bg5 Bxg5 20. Qxg5 Ne5 21. Qe3
Qc5 22. Kg2 Nc6 23. Nf3 h6 24. Na4 Qxe3 25. Rxe3 b5 26. cxb5 axb5 27. Nc3 b4
28. Na4 Nd7 29. Kg1 Nf6 30. e5 Nxe5 31. Nxe5 dxe5 32. Nc5 Rc8 33. Rxe5 Bd5 34.
Nd3 Rxc1+ 35. Nxc1 Kf7 36. Nd3 Rb8 37. Bg2 Rb6 38. Re2 Bxg2 39. Kxg2 Nd5 40.
Kf3 Kf6 41. Rc2 Ra6 42. h4 g5 43. Nc5 Ra8 44. Na4 gxh4 45. gxh4 Ke5 46. Ke2 Rg8
47. Kf3 Rf8+ 48. Kg3 Kd6 49. Nb2 Rg8+ 50. Kf3 h5 51. Nd3 Rf8+ 52. Kg3 Rg8+ 53.
Kf3 Rf8+ 54. Kg3 Rg8+ 1/2-1/2

[Event "Elit(LASK-Vasteras)"]
[Site "?"]
[Date "2015.11.06"]
[Round "1"]
[White "Dragicevic, Drazen"]
[Black "Orndahl, Markus"]
[Result "1-0"]
[WhiteElo "2290"]
[BlackElo "2150"]
[PlyCount "53"]

1. Nf3 Nf6 2. c4 c6 3. b3 g6 4. Bb2 Bg7 5. e4 O-O 6. e5 Nh5 7. d4 d6 8. Qc1 f6
9. exd6 exd6 10. Be2 Re8 11. Nc3 g5 12. O-O Nf4 13. Re1 Bg4 14. Qc2 Nd7 15. Bd1
Nf8 16. g3 Nh3+ 17. Kg2 Qd7 18. Qd2 Ng6 19. d5 Nhf4+ 20. Kh1 Bxf3+ 21. Bxf3 Qh3
22. dxc6 bxc6 23. Bxc6 Ne5 24. Rxe5 fxe5 25. gxf4 exf4 26. Bxa8 Rxa8 27. Qd5+
1-0

[Event "Elit(Farsta-Eksjo)"]
[Site "?"]
[Date "2015.11.06"]
[Round "1"]
[White "Grandelius, Nils"]
[Black "Livner, Anders"]
[Result "0-1"]
[WhiteElo "2628"]
[BlackElo "2336"]
[PlyCount "86"]

1. d4 d5 2. c4 c6 3. Nf3 Nf6 4. Nc3 dxc4 5. g3 g6 6. Ne5 Be6 7. Bg2 Bg7 8. O-O
O-O 9. e4 Qc8 10. Qe2 Nfd7 11. Nf3 Bg4 12. Be3 c5 13. d5 Ne5 14. h3 Nxf3+ 15.
Bxf3 Bxh3 16. Bg2 Bxg2 17. Kxg2 Nd7 18. Qxc4 b6 19. Qe2 f5 20. Bg5 fxe4 21.
Bxe7 Rf7 22. Qxe4 Nf6 23. Bxf6 Rxf6 24. Rad1 Qd7 25. Qc4 Kh8 26. Rfe1 Rf5 27.
Re6 Raf8 28. f4 g5 29. Ne2 gxf4 30. Nxf4 Be5 31. Qe4 Bxf4 32. Re7 Qd6 33. Re6
Qd7 34. Re7 Qb5 35. gxf4 Qxb2+ 36. Kh3 Qf6 37. Rd3 Rg8 38. Rg3 Rh5+ 39. Kg2
Qb2+ 40. Qe2 Qxe2+ 41. Rxe2 Rxd5 42. Re7 c4 43. Rxa7 c3 0-1

[Event "Elit(Farsta-Eksjo)"]
[Site "?"]
[Date "2015.11.06"]
[Round "1"]
[White "Sammalvuo, Tapani"]
[Black "Rasmussen, Allan Stig"]
[Result "1/2-1/2"]
[WhiteElo "2428"]
[BlackElo "2498"]
[PlyCount "49"]

1. d4 Nf6 2. c4 c5 3. d5 b5 4. cxb5 a6 5. bxa6 g6 6. Nc3 Bg7 7. e4 O-O 8. Nf3
Qa5 9. Nd2 Bxa6 10. Be2 d6 11. O-O Nfd7 12. Bxa6 Nxa6 13. Nc4 Qb4 14. Qe2 Ne5
15. Nxe5 Bxe5 16. Bg5 Rfb8 17. Nd1 Nc7 18. Re1 Nb5 19. Bd2 Qa4 20. Bc3 Bxc3 21.
bxc3 Na3 22. Rc1 Nc4 23. Ra1 Na3 24. Rc1 Nc4 25. Ra1 1/2-1/2

[Event "Elit(Farsta-Eksjo)"]
[Site "?"]
[Date "2015.11.06"]
[Round "1"]
[White "Mikkelsen, Nikolaj"]
[Black "Nikcevic, Nebojsa"]
[Result "1/2-1/2"]
[WhiteElo "2462"]
[BlackElo "2413"]
[PlyCount "111"]
[EventDate "2015.??.??"]

1. e4 e5 2. Nf3 Nf6 3. Nxe5 d6 4. Nf3 Nxe4 5. Bd3 Nf6 6. O-O Be7 7. c3 c5 8.
Bc2 Nc6 9. h3 Be6 10. d4 h6 11. Re1 Qd7 12. Qd3 c4 13. Qf1 b5 14. Nbd2 O-O 15.
a4 a6 16. axb5 axb5 17. Rxa8 Rxa8 18. g4 Nd5 19. Ne4 f5 20. gxf5 Bxf5 21. Kh2
Ra1 22. Bd2 Rxe1 23. Nxe1 Nf6 24. Qg2 Bxe4 25. Bxe4 Nxe4 26. Qxe4 d5 27. Qf3
Bd6+ 28. Bf4 Ne7 29. Bg3 Qe6 30. Ng2 g5 31. Ne3 Kg7 32. Kg2 Bxg3 33. fxg3 h5
34. Kh2 Kg6 35. Kg2 Qf6 36. Qd1 Kh6 37. Qe2 Kg6 38. Qd1 Qf7 39. Qe2 Qe6 40. Qf3
Qf7 41. Qe2 Kf6 42. Nc2 Qe6 43. Qxh5 Nf5 44. Qf3 Kg6 45. Kf2 Nd6 46. Kg2 Nf5
47. Kh2 Kh6 48. Qf2 Qe4 49. Ne1 b4 50. Nf3 b3 51. Ne5 Qc2 52. Kg1 Qb1+ 53. Kh2
Qc2 54. Kg1 Qb1+ 55. Kh2 Qc2 56. Kg1 1/2-1/2

[Event "Elit(Farsta-Eksjo)"]
[Site "?"]
[Date "2015.11.06"]
[Round "1"]
[White "Ernst, Thomas"]
[Black "Carlsson, Pontus"]
[Result "1/2-1/2"]
[WhiteElo "2336"]
[BlackElo "2434"]
[PlyCount "50"]

1. e4 c5 2. Nf3 d6 3. d4 Nf6 4. Nc3 cxd4 5. Nxd4 g6 6. Be3 Bg7 7. f3 O-O 8. Qd2
Nc6 9. Bc4 Bd7 10. h4 Rc8 11. Bb3 h5 12. O-O-O Ne5 13. Bg5 Rc5 14. f4 Nc4 15.
Qd3 Ng4 16. Bxc4 Nf2 17. Qe2 Nxh1 18. Bb3 Bg4 19. Nf3 Rxc3 20. bxc3 Qa5 21.
Rxh1 Qxc3 22. Rf1 Qa1+ 23. Kd2 Qc3+ 24. Kc1 Qa1+ 25. Kd2 Qc3+ 1/2-1/2

[Event "Elit(Farsta-Eksjo)"]
[Site "?"]
[Date "2015.11.06"]
[Round "1"]
[White "Bejtovic, Jasmin"]
[Black "Wieweg, Johnny"]
[Result "1-0"]
[WhiteElo "2367"]
[BlackElo "2140"]
[PlyCount "87"]

1. e4 e5 2. Nf3 Nc6 3. d4 exd4 4. Nxd4 g6 5. Nc3 Bg7 6. Nxc6 bxc6 7. Bc4 Ne7 8.
O-O d6 9. Bg5 O-O 10. Re1 h6 11. Bh4 g5 12. Bg3 Ng6 13. Qd2 Qf6 14. Nd1 h5 15.
h3 Ne5 16. Be2 h4 17. Bxe5 Qxe5 18. Bg4 Bxg4 19. hxg4 Bf6 20. c3 Rae8 21. Re3
Kg7 22. Rf3 Qxe4 23. Ne3 Re5 24. Rd1 Rfe8 25. Qc1 Rb5 26. Nf5+ Rxf5 27. gxf5
Re5 28. Qb1 g4 29. Qxe4 Rxe4 30. Re3 Rf4 31. Rde1 d5 32. g3 Rxf5 33. gxh4 Bxh4
34. R1e2 Rf4 35. Kg2 c5 36. Re8 d4 37. R8e4 Rxe4 38. Rxe4 f5 39. Re5 d3 40.
Rxc5 d2 41. Rxc7+ Kf6 42. Rd7 Bg5 43. c4 Ke6 44. Rd5 1-0

[Event "Elit(Farsta-Eksjo)"]
[Site "?"]
[Date "2015.11.06"]
[Round "1"]
[White "Lagerborg, Krister"]
[Black "Ornstein, Axel"]
[Result "0-1"]
[WhiteElo "2029"]
[BlackElo "2326"]
[PlyCount "60"]

1. e4 e5 2. Nf3 Nc6 3. Nc3 Nf6 4. d4 exd4 5. Nxd4 Bb4 6. Nxc6 bxc6 7. Bd3 d5 8.
exd5 cxd5 9. O-O O-O 10. h3 Re8 11. Qf3 Bd6 12. Bf4 Bxf4 13. Qxf4 c5 14. Rfe1
Be6 15. Ne2 Qb8 16. g4 c4 17. Bf5 Bxf5 18. Qxf5 Qxb2 19. Nf4 g6 20. Qg5 Qc3 21.
Red1 Re5 22. Qxf6 Re1+ 23. Rxe1 Qxf6 24. Nxd5 Qf3 25. Ne7+ Kf8 26. Re3 Qb7 27.
Rae1 Rd8 28. R1e2 Rd1+ 29. Kh2 Qh1+ 30. Kg3 g5 0-1

[Event "Elit(Farsta-Eksjo)"]
[Site "?"]
[Date "2015.11.06"]
[Round "1"]
[White "Vernersson, Per"]
[Black "Hjelm, Niclas"]
[Result "1/2-1/2"]
[WhiteElo "2318"]
[BlackElo "2311"]
[PlyCount "54"]

1. d4 d5 2. c4 c6 3. Nf3 Nf6 4. Nc3 dxc4 5. a4 e6 6. e3 c5 7. Bxc4 Nc6 8. O-O
cxd4 9. exd4 Be7 10. Qe2 O-O 11. Rd1 Nb4 12. Ne5 Bd7 13. d5 exd5 14. Nxd5 Nbxd5
15. Bxd5 Nxd5 16. Rxd5 Bg4 17. Qc4 Qxd5 18. Qxd5 Rad8 19. Qb3 Rd1+ 20. Qxd1
Bxd1 21. Be3 Rd8 22. Bxa7 Bxa4 23. Bb6 Rd1+ 24. Rxd1 Bxd1 25. f4 Bf6 26. Kf2
Bxe5 27. fxe5 Kf8 1/2-1/2

[Event "Elit(Farsta-Eksjo)"]
[Site "?"]
[Date "2015.11.06"]
[Round "1"]
[White "Jaderberg, Bjorn"]
[Black "Malesevic, Nedeljko"]
[Result "1/2-1/2"]
[WhiteElo "2130"]
[BlackElo "2260"]
[PlyCount "75"]

1. d4 d5 2. Nc3 Bf5 3. Bg5 c6 4. f3 Qb6 5. Rb1 h6 6. Bf4 Nf6 7. g4 Bh7 8. e3
Nbd7 9. Bd3 g5 10. Bg3 Bg7 11. Qd2 Bxd3 12. Qxd3 h5 13. gxh5 Nxh5 14. Nge2 Nxg3
15. Nxg3 e6 16. b4 Qc7 17. Kf2 Nf6 18. Nce2 g4 19. f4 b5 20. a4 a6 21. Ra1 Nd7
22. Kg2 Nb6 23. axb5 axb5 24. Rxa8+ Nxa8 25. h3 gxh3+ 26. Rxh3 Rxh3 27. Kxh3
Bf8 28. Qh7 f5 29. Qh8 Nb6 30. Nh5 Qf7 31. Kg3 Qg6+ 32. Kf2 Nc4 33. c3 Kf7 34.
Neg3 Nb2 35. Ke1 Nc4 36. Kf2 Nb2 37. Ke1 Nc4 38. Kf2 1/2-1/2

[Event "Elit(Team Viking-Limhamn)"]
[Site "?"]
[Date "2015.11.06"]
[Round "1"]
[White "Hector, Jonny"]
[Black "Meier, Georg"]
[Result "0-1"]
[WhiteElo "2493"]
[BlackElo "2656"]
[PlyCount "124"]

1. e4 e6 2. d4 d5 3. Nc3 Nf6 4. Bg5 dxe4 5. Nxe4 Nbd7 6. Nf3 h6 7. Bh4 Be7 8.
Nxf6+ Bxf6 9. Bxf6 Nxf6 10. Bc4 c5 11. Qe2 Qa5+ 12. c3 cxd4 13. Nxd4 O-O 14.
O-O Bd7 15. Rfe1 Rfd8 16. Rad1 Rac8 17. a3 Ba4 18. Rc1 Rd6 19. Ba2 Qb6 20. Bb1
Qc5 21. Qe3 Qg5 22. Qxg5 hxg5 23. Ba2 Kf8 24. h3 a6 25. Rb1 Nd7 26. Nf3 Rc5 27.
Re3 Bc6 28. Nd4 Bd5 29. b3 b5 30. Rd1 Nb6 31. Nf3 Ke7 32. Nxg5 Rdc6 33. Ne4
Bxe4 34. Rxe4 Rxc3 35. Red4 a5 36. Kf1 Rc2 37. R1d2 Rc1+ 38. Ke2 Nd5 39. b4
Nc3+ 40. Kf3 a4 41. R4d3 g5 42. g3 Rc8 43. Kg2 Rc7 44. Kf3 Rc6 45. Kg2 f5 46.
Rd7+ Kf6 47. Rh7 Ne4 48. Re2 R6c2 49. Rxc2 Rxc2 50. Bb1 Rxf2+ 51. Kg1 Rf3 52.
Rh6+ Ke5 53. g4 Nd2 54. Ba2 Nc4 55. gxf5 exf5 56. Rc6 Rxa3 57. Bxc4 bxc4 58.
Rxc4 Rxh3 59. b5 a3 60. Ra4 Rb3 61. b6 Rxb6 62. Rxa3 Rb2 0-1

[Event "Elit(Team Viking-Limhamn)"]
[Site "?"]
[Date "2015.11.06"]
[Round "1"]
[White "Berg, Emanuel"]
[Black "Jepson, Christian"]
[Result "1/2-1/2"]
[WhiteElo "2567"]
[BlackElo "2425"]
[PlyCount "93"]

1. e4 e5 2. Nf3 Nc6 3. Bb5 a6 4. Ba4 Nf6 5. O-O Be7 6. d3 d6 7. c3 O-O 8. Nbd2
Nd7 9. Bc2 Nb6 10. Re1 f5 11. exf5 Bxf5 12. d4 exd4 13. Nxd4 Nxd4 14. cxd4 Qd7
15. Bb3+ Kh8 16. Ne4 Rae8 17. Ng3 Bh4 18. Rxe8 Rxe8 19. Be3 Bxg3 20. hxg3 c6
21. Qh5 Nd5 22. Bxd5 cxd5 23. Rc1 h6 24. Rc7 Qxc7 25. Qxe8+ Kh7 26. Kh2 Qd7 27.
Qb8 Bd3 28. Bf4 Qf5 29. Kg1 Qe4 30. Be3 Qg4 31. f3 Qxg3 32. Bf2 Qg6 33. Qxb7
Bb5 34. Qxd5 Qb1+ 35. Kh2 Qxb2 36. Kg3 Bd3 37. Be3 Bf1 38. Bf2 Qc2 39. Qxd6
Qxa2 40. d5 Qd2 41. Qe5 Qg5+ 42. Qxg5 hxg5 43. d6 Bb5 44. Bb6 Kg6 45. Bd8 Kf5
46. Kf2 g4 47. fxg4+ 1/2-1/2

[Event "Elit(Team Viking-Limhamn)"]
[Site "?"]
[Date "2015.11.06"]
[Round "1"]
[White "Johansson, Linus"]
[Black "Cramling, Pia"]
[Result "1-0"]
[WhiteElo "2400"]
[BlackElo "2513"]
[PlyCount "117"]

1. d4 Nf6 2. c4 e6 3. Nc3 Bb4 4. e3 O-O 5. Nge2 d5 6. a3 Bd6 7. Ng3 c6 8. Be2
Nbd7 9. O-O dxc4 10. Bxc4 e5 11. Ba2 exd4 12. exd4 Nb6 13. Bg5 Be7 14. Re1 h6
15. Bf4 Nbd5 16. Bxd5 Nxd5 17. Nxd5 cxd5 18. Be5 f6 19. Bf4 Rf7 20. Qb3 b6 21.
Qc2 Qd7 22. h3 g5 23. Bc7 Ba6 24. Nh5 f5 25. Be5 Rc8 26. Qd2 Qa4 27. Rac1 Rxc1
28. Rxc1 Bd8 29. f4 Bc4 30. Rc3 Qe8 31. Qc2 Kh7 32. b3 Ba6 33. fxg5 hxg5 34. g4
Kg8 35. Ng3 Bf6 36. Nxf5 Bxe5 37. dxe5 Qxe5 38. Nh6+ Kg7 39. Nxf7 Kxf7 40. Rf3+
Ke7 41. Qh7+ Kd6 42. Qg6+ Kc5 43. Qc2+ Kd6 44. Qf2 Bc8 45. Qg3 Qxg3+ 46. Rxg3
d4 47. Kf2 Ke5 48. Ke2 Be6 49. b4 a5 50. bxa5 bxa5 51. Rf3 a4 52. Rf8 Bd7 53.
Kd3 Bb5+ 54. Kd2 Bd7 55. Rf7 Bc8 56. Ra7 Kf4 57. Rxa4 Kg3 58. Rxd4 Kxh3 59. a4
1-0

[Event "Elit(Team Viking-Limhamn)"]
[Site "?"]
[Date "2015.11.06"]
[Round "1"]
[White "Agrest, Evgenij"]
[Black "Brynell, Stellan"]
[Result "1/2-1/2"]
[WhiteElo "2596"]
[BlackElo "2423"]
[PlyCount "67"]

1. c4 e5 2. Nc3 Nf6 3. Nf3 Nc6 4. g3 Bb4 5. Nd5 Bc5 6. Bg2 O-O 7. O-O d6 8. d3
h6 9. Nd2 Nxd5 10. cxd5 Ne7 11. Rb1 c6 12. b4 Bb6 13. dxc6 Nxc6 14. Nc4 Bc7 15.
b5 Ne7 16. d4 Be6 17. d5 Bg4 18. Ba3 Nc8 19. Bb4 a6 20. bxa6 Rxa6 21. a3 b5 22.
Ne3 Bd7 23. Qd3 Ba5 24. Nc2 Bb6 25. Kh1 Bc5 26. f4 Re8 27. e4 Nb6 28. Qc3 Nc4
29. Rfe1 Qe7 30. f5 Rc8 31. Qd3 Rca8 32. Rb3 Bxb4 33. axb4 Ra2 34. Rbb1 1/2-1/2

[Event "Elit(Team Viking-Limhamn)"]
[Site "?"]
[Date "2015.11.06"]
[Round "1"]
[White "Schneider, Stefan"]
[Black "Westerberg, Jonathan"]
[Result "1/2-1/2"]
[WhiteElo "2368"]
[BlackElo "2478"]
[PlyCount "99"]

1. d4 d5 2. Nf3 Nf6 3. c4 dxc4 4. e3 b5 5. a4 b4 6. Bxc4 e6 7. O-O Be7 8. Nbd2
Bb7 9. a5 a6 10. Qa4+ Nbd7 11. Ne5 c5 12. Nc6 Qc7 13. Nxe7 Kxe7 14. Be2 Rab8
15. Nc4 Bc6 16. Qd1 Rhd8 17. Qe1 Qb7 18. f3 cxd4 19. exd4 Nd5 20. Kh1 Kf8 21.
Bd2 Kg8 22. Qg3 Nf8 23. Nb6 Ng6 24. Rfd1 Nxb6 25. axb6 Qxb6 26. Bg5 f6 27. Rxa6
Qb7 28. Be3 Bb5 29. Bxb5 Qxb5 30. Raa1 Rbc8 31. Rac1 Qe2 32. Qe1 Qxe1+ 33. Rxe1
Rxc1 34. Rxc1 Ne7 35. Kg1 Nd5 36. Bd2 Ra8 37. Kf1 Ra2 38. Rb1 Kf7 39. Ke1 Ke7
40. Kd1 b3 41. Ke2 Kd6 42. Kd3 Ra4 43. Rc1 g5 44. Rh1 Ra2 45. Rb1 Ra4 46. Rh1
Ra2 47. Rb1 Ra4 48. Rf1 Ra2 49. Rb1 Ra4 50. Rh1 1/2-1/2

[Event "Elit(Team Viking-Limhamn)"]
[Site "?"]
[Date "2015.11.06"]
[Round "1"]
[White "Lindberg, Bo"]
[Black "Lindgren, Philip"]
[Result "0-1"]
[WhiteElo "2422"]
[BlackElo "2410"]
[PlyCount "124"]

1. Nf3 d5 2. g3 c6 3. Bg2 Bg4 4. h3 Bh5 5. d3 Nd7 6. O-O e5 7. Qe1 Ngf6 8. e4
dxe4 9. dxe4 Bc5 10. a4 a5 11. Na3 O-O 12. Nh4 Re8 13. Bd2 Qc7 14. Nc4 b6 15.
Nf5 Bg6 16. Nce3 Rad8 17. b4 axb4 18. Bxb4 Bxe3 19. Qxe3 Bxf5 20. exf5 e4 21.
c4 c5 22. Bc3 Ne5 23. Qg5 Rd3 24. Rac1 h6 25. Qh4 Qd7 26. Qf4 Nf3+ 27. Kh1 Nd4
28. Rfe1 Qxa4 29. Ba1 Qc6 30. g4 Kh7 31. Re3 Qa4 32. Rxd3 Ne2 33. Qd2 exd3 34.
Rd1 Qxc4 35. Qxd3 Qxd3 36. Rxd3 Nf4 37. Rd1 Re2 38. Bxf6 gxf6 39. Rb1 Rxf2 40.
Bc6 c4 41. Rc1 Nxh3 42. Rxc4 Rf4 43. Rxf4 Nxf4 44. Kh2 Nd3 45. Kg3 Kg7 46. Bb5
Nc5 47. Kf4 Kf8 48. Ke3 Ke7 49. Kd4 Kd6 50. Bc4 Nd7 51. Bxf7 Ne5 52. Bh5 b5 53.
Be8 Nc6+ 54. Ke4 Kc5 55. Kf4 Ne5 56. Kg3 b4 57. Ba4 Kc4 58. Bc2 Kc3 59. Bb1 b3
60. Kh4 Kb2 61. Be4 Kc1 62. Kh5 b2 0-1

[Event "Elit(Team Viking-Limhamn)"]
[Site "?"]
[Date "2015.11.06"]
[Round "1"]
[White "Penalver, Osmani"]
[Black "Sagit, Rauan"]
[Result "0-1"]
[WhiteElo "2266"]
[BlackElo "2368"]
[PlyCount "122"]

1. d4 f5 2. g3 Nf6 3. Bg2 g6 4. Nh3 Nc6 5. b3 e5 6. dxe5 Nxe5 7. Bb2 Nf7 8. Nf4
Bg7 9. c4 O-O 10. O-O c6 11. Qc2 d6 12. Nd2 Bd7 13. h4 Re8 14. Bc3 Ng4 15. Bxg7
Kxg7 16. Qc3+ Qf6 17. Qxf6+ Nxf6 18. Rad1 h6 19. Rfe1 g5 20. Nd3 Re7 21. e3 a5
22. Nb2 Rae8 23. Nd3 Ra8 24. Nb2 gxh4 25. gxh4 Rg8 26. Nd3 Kf8 27. Nf4 Ne5 28.
Kf1 Reg7 29. Bh3 Ke7 30. Ke2 Ne4 31. Nxe4 fxe4 32. Bxd7 Kxd7 33. Rh1 Nf3 34.
Nh5 Rf7 35. Ng3 Rg4 36. Rh3 Ke6 37. Rdh1 d5 38. cxd5+ cxd5 39. Rc1 Rg8 40. Rhh1
Ne5 41. Rcg1 Rc8 42. f4 exf3+ 43. Kd2 f2 44. Rc1 Nf3+ 45. Kd3 Ne1+ 46. Rhxe1
fxe1=Q 47. Rxe1 Ke5 48. Ne2 Rg8 49. Nf4 Rg3 50. Ne2 Rg2 51. Nf4 Rxa2 52. Rg1
Rb2 53. Kc3 Rh2 54. Rg8 d4+ 55. Kd3 dxe3 56. Kxe3 Kf5 57. Rd8 Rb2 58. Rd5+ Kg4
59. Ng6 Rf3+ 60. Ke4 Re2+ 61. Kd4 Rd2+ 0-1

[Event "Elit(Team Viking-Limhamn)"]
[Site "?"]
[Date "2015.11.06"]
[Round "1"]
[White "Nithander, Victor"]
[Black "Mansson, Lars"]
[Result "1-0"]
[WhiteElo "2426"]
[BlackElo "2223"]
[PlyCount "41"]

1. c4 c6 2. Nf3 d5 3. g3 Nf6 4. Bg2 Bg4 5. O-O dxc4 6. Na3 Qd5 7. Qc2 Nbd7 8.
Nxc4 h5 9. d3 h4 10. Ng5 Qb5 11. a4 Qa6 12. h3 Bf5 13. e4 Bg6 14. e5 Nc5 15.
exf6 Nxd3 16. Be4 Bxe4 17. Nxe4 O-O-O 18. Rd1 Rd4 19. Rxd3 Rxc4 20. Qe2 e6 21.
fxg7 1-0

[Event "Elit(Manhem-Rockaden,Sthlm)"]
[Site "?"]
[Date "2015.11.06"]
[Round "1"]
[White "Nielsen, Peter Heine"]
[Black "Hultin, Johan"]
[Result "1-0"]
[WhiteElo "2655"]
[BlackElo "2312"]
[PlyCount "71"]

1. c4 Nf6 2. Nc3 e5 3. Nf3 Nc6 4. g3 Bc5 5. Bg2 d6 6. O-O a6 7. d3 h6 8. a3 Ba7
9. b4 O-O 10. e3 Be6 11. h3 Qd7 12. Kh2 Rad8 13. Bb2 Rfe8 14. Rc1 Ne7 15. Qc2
Qc8 16. Rfd1 c6 17. c5 Bb8 18. Na4 Nd7 19. cxd6 Bxd6 20. Nc5 Bxc5 21. bxc5 f6
22. d4 e4 23. Qxe4 Bf5 24. Qh4 Ng6 25. Qh5 Ndf8 26. Nd2 Nh8 27. Nc4 Nf7 28. Nb6
Qe6 29. d5 cxd5 30. Nxd5 Be4 31. Nc7 Qc6 32. Nxe8 Bxg2 33. Rxd8 Nxd8 34. Qg4
Nde6 35. Nxf6+ Kf7 36. e4 1-0

[Event "Elit(Manhem-Rockaden,Sthlm)"]
[Site "?"]
[Date "2015.11.06"]
[Round "1"]
[White "Welin, Mats"]
[Black "Blomqvist, Erik"]
[Result "0-1"]
[WhiteElo "2328"]
[BlackElo "2514"]
[PlyCount "69"]

1. e4 c5 2. Nf3 e6 3. d4 cxd4 4. Nxd4 Nc6 5. Nc3 Qc7 6. g3 a6 7. Bg2 h5 8. O-O
h4 9. Re1 hxg3 10. hxg3 d6 11. Bg5 Be7 12. Bxe7 Ngxe7 13. Qd2 e5 14. Nf5 Nxf5
15. exf5 Bxf5 16. Nd5 Qd8 17. Rad1 Bg4 18. Rb1 Rh6 19. b4 Kf8 20. c3 b5 21. a4
Rb8 22. axb5 axb5 23. Ra1 Ne7 24. Ra7 Nxd5 25. Bxd5 Qf6 26. Qd3 Be6 27. Rea1
Bxd5 28. Qxd5 g5 29. R1a6 Qf5 30. Kf1 Rf6 31. Ra2 Kg7 32. Rd2 Rh8 33. Kg1 Rfh6
34. Ra1 e4 35. Qd4+ 0-1

[Event "Elit(Manhem-Rockaden,Sthlm)"]
[Site "?"]
[Date "2015.11.06"]
[Round "1"]
[White "Karlsson, Lars"]
[Black "Moberg, Karl Johan"]
[Result "1-0"]
[WhiteElo "2443"]
[BlackElo "2295"]
[PlyCount "41"]

1. b3 e5 2. Bb2 Nc6 3. Nf3 e4 4. Ne5 Nf6 5. e3 d6 6. Nxc6 bxc6 7. c4 Be7 8. Be2
O-O 9. O-O Re8 10. d3 Bf5 11. Nc3 Qd7 12. Qc2 exd3 13. Bxd3 Bxd3 14. Qxd3 Qe6
15. Ne2 Qe4 16. Qc3 Bf8 17. Qa5 Qc2 18. Bxf6 Qxe2 19. Bc3 Rec8 20. Qf5 h5 21.
h3 1-0

[Event "Elit(Manhem-Rockaden,Sthlm)"]
[Site "?"]
[Date "2015.11.06"]
[Round "1"]
[White "Boe, Mads"]
[Black "Barkhagen, Jonas"]
[Result "1/2-1/2"]
[WhiteElo "2309"]
[BlackElo "2434"]
[PlyCount "49"]

1. d4 c5 2. c3 cxd4 3. cxd4 d5 4. Nc3 Nc6 5. Nf3 Nf6 6. Bf4 a6 7. e3 Bg4 8. Bd3
e6 9. Rc1 Bd6 10. Bg3 O-O 11. O-O Rc8 12. a3 b5 13. a4 Bxg3 14. hxg3 b4 15. Nb1
Qb6 16. Nbd2 e5 17. dxe5 Nxe5 18. Be2 Rxc1 19. Qxc1 Rc8 20. Qb1 Nc4 21. Rc1 Be6
22. Nb3 g6 23. Nbd4 Bg4 24. Bd3 a5 25. b3 1/2-1/2